Movies that Start with the letter O - Statistics

General Stats
  • This quiz has been taken 39 times
  • The average score is 4 of 20
Answer Stats
Description Movie % Correct
Story of an American scientist and the mass destruction device he developed Oppenheimer
91%
Group of friends awaken the dark powers of an ancient spirit board Ouija
54%
Danish plantation owner falls in love with a hunter in Kenya Out of Africa
54%
Vacationing family in a secluded beach somehow starts to age rapidly Old
43%
9-year old girl adopted by a mourning couple is not nearly as innocent as she appears Orphan
29%
Woman who lives with her two photosensitive children on an old family estate thinks their home is haunted Others, the
26%
Three colleagues who hate their jobs decide to rebel against their greedy boss Office Space
17%
A white blood cell with the help of a cold pill stops a deadly virus from destroying the human they live in Osmosis Jones
14%
Coal miner's son gets inspired by the first Sputnik launch and takes up rocketry against his father's wishes October Sky
11%
Stranger with a harmonica joins forces with a notorious desperado to protect a widow from a ruthless assassin Once Upon a time in the West
11%
Veteran assigned to extract Earth's remaining resources begins to question what he knows about his mission and himself Oblivion
9%
Lives of two strangers and their children unexpectedly intersect on one hectic day in New York One Fine Day
3%
Guidance counselor mistakenly sends out the wrong transcripts of an over-achieving student to Stanford Orange County
3%
Released mental asylum inmate learns from his sister that the murders he was convicted for were done by a glass mirror Oculus
0%
Sudden appearance of a newborn child puts the inconceivable couple out of their misery Odd Life of Timothy Green, The
0%
Revenge seeker kills off his bullies and gifts their body parts to a kind girl Offerings
0%
Three figure skaters participate in a championship that will put the winner on the road to the Olympics On Edge
0%
Bangkok drug smuggler must eliminate those accountable for his brother's recent demise Only God Forgives
0%
French car-thief siblings become targets of a local crime boss Overdrive
0%
Magician runs into an enchanted land and is forced into a power struggle between three witches Oz the Great and the Powerful
0%
No matching quizzes found
Score Distribution
Percent of People with Each Score
Percentile by Number Answered
Your Score History
You have not taken this quiz